000 00635nam a2200193 i 4500
001 26632
003 ES-MaACL
007 t|
008 030109s1854 fr ||||1| fre d
100 1 _aJean d'Arras.
_966233
245 1 0 _aMelusine /
_cpar Jean d'Arras ; nouvelle edition, conformé a celle de 1478, revue et corrigée avec une préface par M. Ch. Brunet.
260 _aParís :
_bP. Jannet,
_c1854.
300 _a432 p. ;
_c17 cm.
490 1 _aBibliothèque elzévirienne ;
_v49
700 1 _aBrunet, M. Ch.
_932164
830 0 _aBibliothèque elzévirienne ;
_v49
_9180979
852 _aES-MaACL
_jG-2253
999 _c26632
_d26632